000 00528nam a2200217Ia 4500
003 OSt
005 20220928140159.0
006 a|||||r|||| 00| 0
007 ta
008 220927b |||||||| |||| 00| 0 eng d
024 _a7313
037 _cTextual
040 _aSDCL
_cSDCL
_beng
041 _2eng
_aeng
082 _aD6,8(B), L5
100 _aWilkes M V
_9494472
245 0 _aTime -Sharing computer systems
260 _c1975
942 _hD6,8(B), L5
_cTEXL
_2CC
999 _c810398
_d810398